<?xml version="1.0" encoding="UTF-8"?>
<record
    xmlns:xsi="http://www.w3.org/2001/XMLSchema-instance"
    xsi:schemaLocation="http://www.loc.gov/MARC21/slim http://www.loc.gov/standards/marcxml/schema/MARC21slim.xsd"
    xmlns="http://www.loc.gov/MARC21/slim">

  <leader>00781nam a2200229 a 4500</leader>
  <controlfield tag="001">53985</controlfield>
  <controlfield tag="003">BD-RjUL</controlfield>
  <controlfield tag="005">20211209080044.0</controlfield>
  <controlfield tag="008">161030s2006    bg ||||| |||| 00| 0 ben d</controlfield>
  <datafield tag="020" ind1=" " ind2=" ">
    <subfield code="a">9848599088</subfield>
    <subfield code="c">: Tk.60.00</subfield>
  </datafield>
  <datafield tag="035" ind1=" " ind2=" ">
    <subfield code="a">(BD-RjUL)54107</subfield>
  </datafield>
  <datafield tag="040" ind1=" " ind2=" ">
    <subfield code="a">BD-RjUL</subfield>
    <subfield code="b">ben</subfield>
    <subfield code="c">BD-RjUL</subfield>
    <subfield code="d">BD-RjUL</subfield>
  </datafield>
  <datafield tag="041" ind1=" " ind2=" ">
    <subfield code="a">ben</subfield>
  </datafield>
  <datafield tag="082" ind1=" " ind2=" ">
    <subfield code="2">23</subfield>
    <subfield code="a">891.442</subfield>
    <subfield code="b">MAN 2006</subfield>
  </datafield>
  <datafield tag="100" ind1=" " ind2=" ">
    <subfield code="a">&#x9AE;&#x9BE;&#x9B9;&#x9AE;&#x9C1;&#x9A6;, &#x985;&#x9A8;&#x9C0;&#x995;</subfield>
    <subfield code="9">161212</subfield>
  </datafield>
  <datafield tag="245" ind1="1" ind2="0">
    <subfield code="a">&#x9A8;&#x9B7;&#x9CD;&#x99F; &#x99C;&#x9CD;&#x9AF;&#x9CB;&#x9CE;&#x9B8;&#x9CD;&#x9A8;&#x9BE;&#x9B0; &#x995;&#x9CD;&#x9AF;&#x9BE;&#x9B0;&#x9BE;&#x9AD;&#x9BE;&#x9A8; /</subfield>
    <subfield code="c">&#x985;&#x9A8;&#x9C0;&#x995; &#x9AE;&#x9BE;&#x9B9;&#x9AE;&#x9C1;&#x9A6; </subfield>
  </datafield>
  <datafield tag="260" ind1=" " ind2=" ">
    <subfield code="a">&#x9A2;&#x9BE;&#x995;&#x9BE; :</subfield>
    <subfield code="b">&#x9AA;&#x9B0;&#x9C0; &#x9AA;&#x9CD;&#x9B0;&#x995;&#x9BE;&#x9B6;&#x9A8;,</subfield>
    <subfield code="c">&#x9E8;&#x9E6;&#x9E6;&#x9EC;.</subfield>
  </datafield>
  <datafield tag="300" ind1=" " ind2=" ">
    <subfield code="a">&#x9EB;&#x9E9; &#x9AA;&#x9C3;. ;</subfield>
    <subfield code="c">&#x9E8;&#x9E9; &#x9B8;&#x9C7;&#x9AE;&#x9BF;.</subfield>
  </datafield>
  <datafield tag="650" ind1=" " ind2=" ">
    <subfield code="a">&#x9AC;&#x9BE;&#x982;&#x9B2;&#x9BE; &#x9A8;&#x9BE;&#x99F;&#x995;</subfield>
    <subfield code="9">161213</subfield>
  </datafield>
  <datafield tag="650" ind1=" " ind2=" ">
    <subfield code="a">Bengali drama</subfield>
    <subfield code="9">161214</subfield>
  </datafield>
  <datafield tag="942" ind1=" " ind2=" ">
    <subfield code="2">ddc</subfield>
    <subfield code="c">BK</subfield>
  </datafield>
  <datafield tag="999" ind1=" " ind2=" ">
    <subfield code="c">53985</subfield>
    <subfield code="d">53985</subfield>
  </datafield>
  <datafield tag="952" ind1=" " ind2=" ">
    <subfield code="0">0</subfield>
    <subfield code="1">0</subfield>
    <subfield code="2">ddc</subfield>
    <subfield code="4">0</subfield>
    <subfield code="7">0</subfield>
    <subfield code="8">NFIC</subfield>
    <subfield code="a">RUCL</subfield>
    <subfield code="b">RUCL</subfield>
    <subfield code="c">Stack</subfield>
    <subfield code="d">2006-08-01</subfield>
    <subfield code="e">Bangla Dept. RU.</subfield>
    <subfield code="g">60.00</subfield>
    <subfield code="l">0</subfield>
    <subfield code="o">B 891.442 MAN 2006</subfield>
    <subfield code="r">2016-10-30 00:00:00</subfield>
    <subfield code="t">C-2</subfield>
    <subfield code="w">2016-10-30</subfield>
    <subfield code="y">BK</subfield>
  </datafield>
  <datafield tag="952" ind1=" " ind2=" ">
    <subfield code="0">0</subfield>
    <subfield code="1">0</subfield>
    <subfield code="2">ddc</subfield>
    <subfield code="4">0</subfield>
    <subfield code="7">1</subfield>
    <subfield code="8">NFIC</subfield>
    <subfield code="a">RUCL</subfield>
    <subfield code="b">RUCL</subfield>
    <subfield code="c">Reading</subfield>
    <subfield code="d">2006-08-01</subfield>
    <subfield code="e">Bangla dept. R.U</subfield>
    <subfield code="g">60.00</subfield>
    <subfield code="l">0</subfield>
    <subfield code="o">B 891.442 MAN 2006</subfield>
    <subfield code="r">2017-02-02 00:00:00</subfield>
    <subfield code="t">C-1</subfield>
    <subfield code="w">2017-02-02</subfield>
    <subfield code="y">BK</subfield>
  </datafield>
</record>
